Città della Francia - Quiz con mappa - Statistics

Statistiche generali
  • Questo quiz è stato fatto 2.368 volte
  • Il punteggio medio è 10 su 16
Risposte nella Mappa
Le risposte nella mappa del quiz sottostante sono codificate secondo una scala di colori dal rosso al verde in base alla % di persone che hanno risposto correttamente.
 
Statistiche sulle risposte
Risposta % Corretto
Parigi
92%
Nizza
88%
Ajaccio
85%
Marsiglia
82%
Strasburgo
77%
Lione
69%
Calais
61%
Bordeaux
60%
Tolosa
59%
Le Havre
49%
Brest
48%
Nantes
48%
Digione
41%
Rennes
41%
Limoges
34%
Tours
31%
Nessun quiz corrispondente trovato
Distribuzione punteggi
Percentuale di utenti per punteggio
Percentile per numero di risposta
I tuoi punteggi nel tempo
Non hai fatto questo quiz